[Event "ARG-ch U16"]
[Site "Villa Martelli"]
[Date "2016.05.29"]
[Round "4.3"]
[White "Pernas, Agustin Baltazar"]
[Black "Gimenez Aguirre, Ismael Alejo"]
[Result "1-0"]
[WhiteElo "2165"]
[BlackElo "2086"]
[PlyCount "79"]
[EventDate "2016.05.28"]
[EventType "swiss"]
[EventRounds "9"]
[EventCountry "ARG"]
[SourceTitle "EXT 2024"]
[Source "ChessBase"]
[SourceDate "2023.10.10"]
[SourceVersion "1"]
[SourceVersionDate "2023.10.10"]
[SourceQuality "1"]

1. e4 c5 2. Nf3 g6 3. d4 cxd4 4. Nxd4 Bg7 5. Nc3 Nc6 6. Be3 Nf6 7. Bc4 0-0 8. Bb3 d6 9. f3 Bd7 10. h4 h5 11. Qd2 Ne5 12. g4 b5 13. gxh5 Nxh5 14. Rg1 a5 15. f4 Nc4 16. Bxc4 bxc4 17. f5 Kh7 18. Qg2 Qe8 19. Nd5 gxf5 20. Nc7 Bxd4 21. Nxe8 Bxe3 22. Qe2 Raxe8 23. Qxh5+ Bh6 24. exf5 Rb8 25. b3 Rb5 26. Rg5 Re5+ 27. Kf2 Rg8 28. Qxf7+ Rg7 29. Rxg7+ Bxg7 30. Qg6+ Kg8 31. Rg1 Rxf5+ 32. Ke3 Rf7 33. h5 Bf5 34. Qg5 Kh7 35. h6 Bxh6 36. Rh1 Rf6 37. Rxh6+ Rxh6 38. Qxf5+ Rg6 39. Qxa5 cxb3 40. cxb3 1-0

[Event "ARG-chT"]
[Site "Villa Martelli"]
[Date "2015.10.03"]
[Round "6.4"]
[White "Pernas, Agustin Baltazar"]
[Black "Sorin, Ariel"]
[Result "0-1"]
[WhiteElo "2180"]
[BlackElo "2422"]
[PlyCount "82"]
[EventDate "2015.08.29"]
[EventType "team-swiss"]
[EventRounds "9"]
[EventCountry "ARG"]
[SourceTitle "EXT 2017"]
[Source "ChessBase"]
[SourceDate "2016.10.25"]
[SourceVersion "1"]
[SourceVersionDate "2016.10.25"]
[SourceQuality "1"]
[WhiteTeam "San Isidro"]
[BlackTeam "Ushuaia Jaque Mate"]
[WhiteTeamCountry "ARG"]
[BlackTeamCountry "ARG"]

1. e4 e5 2. Nf3 Nc6 3. Bb5 a6 4. Bxc6 dxc6 5. 0-0 Qd6 6. d4 exd4 7. Nxd4 Bd7 8. Nc3 0-0-0 9. Nb3 Qg6 10. Qe2 Nf6 11. f3 Nh5 12. Be3 f5 13. Rfd1 Bd6 14. exf5 Bxf5 15. Nd4 Bd7 16. Ne4 Be7 17. b4 Rhe8 18. Rab1 Nf6 19. Nc3 Bd6 20. Qf2 Rf8 21. Qh4 Rde8 22. Rd3 Ng4 23. fxg4 Bxg4 24. Qg5 Bh5 25. Rf1 Rxf1+ 26. Kxf1 Qf7+ 27. Qf5+ Qxf5+ 28. Nxf5 Rf8 29. Ne4 Rxf5+ 30. Ke1 Bxb4+ 31. c3 Be7 32. Ng3 Ra5 33. Bd4 Bg6 34. Rd2 Bf6 35. Bxf6 gxf6 36. Ne2 Ra3 37. Rb2 Bf7 38. Rb4 Rxa2 39. Rf4 Bh5 40. g4 Bf7 41. Rxf6 Bc4 0-1

[Event "ARG-chT"]
[Site "Villa Martelli"]
[Date "2015.09.05"]
[Round "2.6"]
[White "Fulgenzi, Ernesto"]
[Black "Pernas, Agustin Baltazar"]
[Result "1-0"]
[WhiteElo "2316"]
[BlackElo "2180"]
[PlyCount "81"]
[EventDate "2015.08.29"]
[EventType "team-swiss"]
[EventRounds "9"]
[EventCountry "ARG"]
[SourceTitle "EXT 2017"]
[Source "ChessBase"]
[SourceDate "2016.10.25"]
[SourceVersion "1"]
[SourceVersionDate "2016.10.25"]
[SourceQuality "1"]
[WhiteTeam "Tacticos y Estrategas"]
[BlackTeam "San Isidro"]
[WhiteTeamCountry "ARG"]
[BlackTeamCountry "ARG"]

1. e4 c5 2. Nf3 Nc6 3. d4 cxd4 4. Nxd4 Nf6 5. Nxc6 bxc6 6. Bd3 e5 7. 0-0 Be7 8. f4 d6 9. Na3 Ng4 10. Nc4 d5 11. Nxe5 Qb6+ 12. Kh1 Nf2+ 13. Rxf2 Qxf2 14. exd5 0-0 15. Nxc6 Bd6 16. Qf1 Qh4 17. Bd2 g5 18. g3 Qh5 19. c4 Bh3 20. Qf2 Rfe8 21. b4 a5 22. c5 Bf8 23. Ne5 f6 24. g4 Bxg4 25. Nxg4 Qxg4 26. fxg5 Qd7 27. Qf5 Qxf5 28. Bxf5 axb4 29. Bxb4 fxg5 30. Be6+ Kh8 31. a3 Bg7 32. Rc1 h5 33. c6 Bb2 34. Rc2 Bxa3 35. Bxa3 Rxa3 36. c7 Kg7 37. d6 h4 38. c8Q Rxc8 39. Rxc8 g4 40. Bxg4 h3 41. Kg1 1-0

[Event "ARG-ch sf 90th"]
[Site "Buenos Aires"]
[Date "2015.08.23"]
[Round "5"]
[White "Pernas, Agustin Baltazar"]
[Black "Hernandez Amura, Gilberto"]
[Result "1-0"]
[WhiteElo "2167"]
[BlackElo "2023"]
[PlyCount "89"]
[EventDate "2015.08.20"]
[EventType "swiss"]
[EventRounds "9"]
[EventCountry "ARG"]
[SourceTitle "EXT 2016"]
[Source "ChessBase"]
[SourceDate "2015.10.08"]
[SourceVersion "1"]
[SourceVersionDate "2015.10.08"]
[SourceQuality "1"]

1. e4 c5 2. Nf3 Nc6 3. d4 cxd4 4. Nxd4 e5 5. Nb5 d6 6. N1c3 a6 7. Na3 b5 8. Nd5 Nge7 9. c4 Nd4 10. Be3 Nxd5 11. cxd5 Be7 12. Bd3 0-0 13. 0-0 f5 14. Bxd4 exd4 15. Nc2 Qb6 16. exf5 Bxf5 17. Bxf5 Rxf5 18. Nxd4 Rf7 19. Ne6 Bf6 20. Qd2 Be5 21. Rac1 Qb7 22. Rc6 Qe7 23. Rfc1 h6 24. Rc8+ Rxc8 25. Rxc8+ Kh7 26. Qc2+ g6 27. g3 Bg7 28. b3 Qf6 29. Rc7 b4 30. Rxf7 Qxf7 31. Qc7 Qxc7 32. Nxc7 a5 33. Nb5 Bf8 34. Nd4 g5 35. g4 Kg6 36. Nc6 Bg7 37. Nxa5 h5 38. h3 hxg4 39. hxg4 Bd4 40. Nc6 Bc3 41. Kf1 Kf7 42. Ke2 Kg6 43. Kd3 Kf6 44. a4 Be1 45. f3 1-0

[Event "Latin Cup-A 6th"]
[Site "Buenos Aires"]
[Date "2015.03.23"]
[Round "7"]
[White "Pernas, Agustin Baltazar"]
[Black "Cuevas, Alex"]
[Result "1-0"]
[WhiteElo "2048"]
[BlackElo "2253"]
[PlyCount "59"]
[EventDate "2015.03.19"]
[EventType "swiss"]
[EventRounds "9"]
[EventCountry "ARG"]
[SourceTitle "CBM 165 Extra"]
[Source "ChessBase"]
[SourceDate "2015.04.21"]
[SourceVersion "1"]
[SourceVersionDate "2015.04.21"]
[SourceQuality "1"]

1. e4 c5 2. Nf3 e6 3. d4 cxd4 4. Nxd4 a6 5. Nc3 b5 6. a3 Bb7 7. Bd3 Qb6 8. Nb3 Qc7 9. 0-0 Nf6 10. f4 d6 11. e5 dxe5 12. fxe5 Qxe5 13. Bf4 Qh5 14. Qd2 Nbd7 15. Rae1 Bc5+ 16. Nxc5 Qxc5+ 17. Kh1 g5 18. Bxg5 Rg8 19. Rf5 Qd6 20. Re2 Bxg2+ 21. Rxg2 exf5 22. Qe3+ Qe6 23. Qf3 0-0-0 24. Bxf5 Qe1+ 25. Rg1 Qe5 26. Bxf6 Rxg1+ 27. Kxg1 Qe1+ 28. Kg2 Qd2+ 29. Kf1 Qc1+ 30. Nd1 1-0

[Event "South America School-ch"]
[Site "Aracaju"]
[Date "2014.12.06"]
[Round "2.1"]
[White "Pernas, Agustin Baltazar"]
[Black "Cadilhac, Igor Tokuichi Kikuc"]
[Result "0-1"]
[WhiteElo "1958"]
[BlackElo "2015"]
[PlyCount "72"]
[EventDate "2014.12.06"]
[EventType "team-swiss"]
[EventRounds "7"]
[EventCountry "BRA"]
[SourceTitle "EXT 2016"]
[Source "ChessBase"]
[SourceDate "2015.10.08"]
[SourceVersion "1"]
[SourceVersionDate "2015.10.08"]
[SourceQuality "1"]
[WhiteTeam "Argentina"]
[BlackTeam "Brazil"]
[WhiteTeamCountry "ARG"]
[BlackTeamCountry "BRA"]

1. e4 c5 2. Nf3 d6 3. d4 cxd4 4. Nxd4 Nf6 5. Nc3 g6 6. Be2 Nc6 7. 0-0 Nxd4 8. Qxd4 Bg7 9. Bg5 0-0 10. Rad1 Be6 11. Qe3 Qa5 12. f4 Rac8 13. h3 b5 14. e5 dxe5 15. fxe5 Nd7 16. Bxe7 Rfe8 17. b4 Qa3 18. Rd3 Nxe5 19. Nxb5 Qb2 20. Nd6 Nxd3 21. Qxd3 Rxe7 22. Nxc8 Qd4+ 23. Kh1 Bxc8 24. Qb5 Qe5 25. Qxe5 Rxe5 26. Bc4 Be6 27. Bxe6 Rxe6 28. c4 Ra6 29. c5 Rxa2 30. Rc1 Ra1 31. Rxa1 Bxa1 32. c6 Be5 33. Kg1 Kf8 34. Kf2 Ke7 35. Ke3 Kd6 36. b5 f5 0-1

[Event "South America-ch U14 11th"]
[Site "Montevideo"]
[Date "2014.09.11"]
[Round "6"]
[White "Pernas, Agustin Baltazar"]
[Black "Weise, William Ferreira"]
[Result "0-1"]
[WhiteElo "2014"]
[BlackElo "1591"]
[PlyCount "66"]
[EventDate "2014.09.08"]
[EventType "swiss"]
[EventRounds "9"]
[EventCountry "URU"]
[SourceTitle "EXT 2016"]
[Source "ChessBase"]
[SourceDate "2015.10.08"]
[SourceVersion "1"]
[SourceVersionDate "2015.10.08"]
[SourceQuality "1"]

1. e4 e6 2. d4 d5 3. Nd2 Nf6 4. e5 Nfd7 5. Bd3 c5 6. c3 Nc6 7. Ne2 cxd4 8. cxd4 Qb6 9. Nf3 f6 10. exf6 Nxf6 11. 0-0 Bd6 12. b3 Nb4 13. Bb1 Nc6 14. Bb2 0-0 15. Ne5 Bxe5 16. dxe5 Ng4 17. Qd3 g6 18. Qg3 Nh6 19. Bxg6 Qc7 20. Bd3+ Kh8 21. Nf4 Rg8 22. Nxd5 Qd7 23. Qf4 Qg7 24. Ne3 Nf7 25. Be4 Ng5 26. Kh1 Bd7 27. Bxc6 Raf8 28. Qf6 Bxc6 29. Qxg7+ Rxg7 30. f4 Nh3 31. f5 Rfg8 32. Rac1 Rxg2 33. Rxc6 Rg1+ 0-1

[Event "South America-ch U14 11th"]
[Site "Montevideo"]
[Date "2014.09.08"]
[Round "1"]
[White "Torres, Piero"]
[Black "Pernas, Agustin Baltazar"]
[Result "0-1"]
[WhiteElo "1562"]
[BlackElo "2014"]
[PlyCount "92"]
[EventDate "2014.09.08"]
[EventType "swiss"]
[EventRounds "9"]
[EventCountry "URU"]
[SourceTitle "EXT 2016"]
[Source "ChessBase"]
[SourceDate "2015.10.08"]
[SourceVersion "1"]
[SourceVersionDate "2015.10.08"]
[SourceQuality "1"]

1. e4 d6 2. d4 Nf6 3. Nc3 e5 4. Nf3 Nbd7 5. Bc4 Be7 6. 0-0 0-0 7. Re1 c6 8. a4 h6 9. h3 Qc7 10. Qe2 Re8 11. Be3 Bf8 12. dxe5 dxe5 13. Rad1 Nc5 14. Nd2 a5 15. Qf3 Qe7 16. Nb3 Nxb3 17. Bxb3 Be6 18. Bxe6 Qxe6 19. Qe2 Bb4 20. Bd2 Rad8 21. b3 Rd4 22. f3 Red8 23. Nb1 Qd7 24. c3 Bxc3 25. Nxc3 Rxd2 26. Rxd2 Qxd2 27. Rd1 Qxc3 28. Rxd8+ Kh7 29. Rd3 Qc1+ 30. Rd1 Qc5+ 31. Qf2 Qc3 32. Qb6 Nh5 33. Rf1 Ng3 34. Rd1 Qc2 35. Re1 Ne2+ 36. Kh1 Nf4 37. Rg1 f5 38. exf5 Qxf5 39. Kh2 Ne2 40. Re1 Qf4+ 41. Kh1 Nd4 42. Qc5 Qf5 43. Qxe5 Qxe5 44. Rxe5 Nxb3 45. Kg1 Kg6 46. f4 Kf6 0-1

[Event "ARG-ch U2000"]
[Site "Crespo"]
[Date "2014.05.04"]
[Round "4"]
[White "Leto, Enzo"]
[Black "Pernas, Agustin Baltazar"]
[Result "0-1"]
[WhiteElo "1675"]
[BlackElo "1968"]
[PlyCount "118"]
[EventDate "2014.05.02"]
[EventType "tourn"]
[EventRounds "9"]
[EventCountry "ARG"]
[SourceTitle "EXT 2016"]
[Source "ChessBase"]
[SourceDate "2015.10.08"]
[SourceVersion "1"]
[SourceVersionDate "2015.10.08"]
[SourceQuality "1"]

1. d4 d5 2. Nf3 Nf6 3. g3 e6 4. Bg2 Be7 5. 0-0 0-0 6. c4 c5 7. cxd5 Nxd5 8. dxc5 Bxc5 9. Qc2 Qc7 10. Kh1 Nd7 11. a3 Bb6 12. Qxc7 Bxc7 13. Nbd2 b6 14. Re1 Nc5 15. Nd4 Bb7 16. N2b3 Bd6 17. Kg1 e5 18. Nxc5 Bxc5 19. Nb3 Be7 20. Rd1 Rfd8 21. Bd2 a5 22. Rac1 g6 23. Kf1 Rd7 24. Bh3 Rd6 25. Bg2 Rad8 26. a4 f5 27. Kg1 Ba6 28. Kf1 e4 29. Ke1 Bf6 30. Na1 Bxb2 31. Rb1 Bd4 32. Bg5 Bc3+ 33. Bd2 Ne3 34. fxe3 Rxd2 35. Rxd2 Rxd2 36. Kf1 Rxe2 37. Kg1 Rxe3 38. Nc2 Re2 39. Bf1 Rxc2 40. Bxa6 Bd4+ 41. Kh1 Kg7 42. Rd1 Bc5 43. Bb5 Bb4 44. h4 e3 45. Bd3 Rd2 46. Rxd2 exd2 47. Bc2 Kf6 48. Kg2 Ke5 49. Kf3 Kd4 50. Ke2 Kc3 51. Bd1 Bd6 52. h5 gxh5 53. Ke3 Bxg3 54. Bxh5 Kc2 55. Bd1+ Kxd1 56. Kf3 Ke1 57. Kg2 d1Q 58. Kh3 Qg4+ 59. Kg2 Bf2+ 0-1

[Event "ARG-ch U2000"]
[Site "Crespo"]
[Date "2014.05.04"]
[Round "5"]
[White "Pernas, Agustin Baltazar"]
[Black "Gimenez Aguirre, Ismael Alejo"]
[Result "1-0"]
[WhiteElo "1968"]
[BlackElo "1937"]
[PlyCount "69"]
[EventDate "2014.05.02"]
[EventType "tourn"]
[EventRounds "9"]
[EventCountry "ARG"]
[SourceTitle "EXT 2016"]
[Source "ChessBase"]
[SourceDate "2015.10.08"]
[SourceVersion "1"]
[SourceVersionDate "2015.10.08"]
[SourceQuality "1"]

1. e4 c5 2. Nf3 g6 3. d4 cxd4 4. Nxd4 Bg7 5. Nb3 Nc6 6. Be2 Nf6 7. Nc3 0-0 8. 0-0 d6 9. Bg5 Be6 10. Kh1 a5 11. a4 Rc8 12. f4 Nb4 13. Nd4 Bc4 14. Ndb5 Re8 15. Bxc4 Rxc4 16. e5 dxe5 17. Qxd8 Rxd8 18. fxe5 Ne4 19. Nxe4 Rxe4 20. Nd6 Rxe5 21. Nxf7 Nxc2 22. Rac1 Rxg5 23. Nxd8 Rd5 24. Nxb7 Rd2 25. Rcd1 Rxd1 26. Rxd1 Ne3 27. Re1 Nd5 28. Nxa5 Bxb2 29. Nc6 Kf7 30. a5 Bc3 31. Rd1 Ke6 32. a6 Nc7 33. a7 Kf6 34. Rd7 Na8 35. Rxe7 1-0

[Event "Buenos Aires Duchamp Boca op 3rd"]
[Site "Buenos Aires"]
[Date "2013.06.20"]
[Round "1"]
[White "Mahia, Gustavo"]
[Black "Pernas, Agustin Baltazar"]
[Result "1-0"]
[WhiteElo "2377"]
[BlackElo "1888"]
[PlyCount "73"]
[EventDate "2013.06.20"]
[EventType "swiss"]
[EventRounds "9"]
[EventCountry "ARG"]
[SourceTitle "CBM 155 Extra"]
[Source "ChessBase"]
[SourceDate "2013.08.26"]
[SourceVersion "1"]
[SourceVersionDate "2013.08.26"]
[SourceQuality "1"]

1. d4 d5 2. c4 e6 3. Nc3 Nf6 4. Nf3 Nbd7 5. cxd5 exd5 6. Bg5 c6 7. e3 Be7 8. Bd3 0-0 9. Qc2 Re8 10. 0-0 g6 11. Rab1 Nh5 12. Bxe7 Qxe7 13. b4 a6 14. a4 Nb6 15. Rfe1 f5 16. Ne5 Nf6 17. a5 Nbd7 18. f4 Ne4 19. Bxe4 fxe4 20. Na4 Nf6 21. Qc5 Nd7 22. Qxe7 Rxe7 23. Nc5 Nxc5 24. bxc5 Be6 25. Rb2 Rf8 26. g4 Kg7 27. Rg2 Bc8 28. h4 Kh6 29. Kh2 Kg7 30. Kg3 Kh6 31. Rh1 Rg7 32. Rf2 Rgg8 33. h5 Kg7 34. hxg6 hxg6 35. Rfh2 Rf6 36. Rh7+ Kf8 37. Rc7 1-0

[Event "Wch U12"]
[Site "Maribor"]
[Date "2012.11.18"]
[Round "11.4"]
[White "Wadsworth, Matthew J"]
[Black "Pernas, Agustin Baltazar"]
[Result "1-0"]
[WhiteElo "2055"]
[BlackElo "1796"]
[PlyCount "101"]
[EventDate "2012.11.08"]
[EventType "swiss"]
[EventRounds "11"]
[EventCountry "SLO"]
[SourceTitle "EXT 2013"]
[Source "ChessBase"]
[SourceDate "2012.11.22"]
[SourceVersion "1"]
[SourceVersionDate "2012.11.22"]
[SourceQuality "1"]

1. e4 d6 2. d4 Nf6 3. Nc3 e5 4. dxe5 dxe5 5. Qxd8+ Kxd8 6. Bg5 c6 7. 0-0-0+ Ke8 8. Nf3 Nbd7 9. Bh4 Bb4 10. Bc4 Ba5 11. Bxf6 gxf6 12. a3 b5 13. Ba2 Bb6 14. Rd6 Bb7 15. Rhd1 Rd8 16. Bxf7+ Ke7 17. Be6 Nc5 18. Rxd8 Rxd8 19. Rxd8 Kxd8 20. Bg8 h6 21. Nh4 Bc8 22. f3 a5 23. Bh7 Ne6 24. Bf5 Be3+ 25. Kd1 Bg1 26. Bxe6 Bxe6 27. h3 Bf2 28. Nf5 Bxf5 29. exf5 Bd4 30. Kd2 Ke7 31. b3 Bxc3+ 32. Kxc3 Kd6 33. Kd3 Kd5 34. c3 h5 35. h4 Kc5 36. g4 Kd6 37. c4 hxg4 38. fxg4 bxc4+ 39. Kxc4 c5 40. h5 Ke7 41. Kxc5 Kf8 42. b4 e4 43. Kd4 e3 44. Kxe3 axb4 45. axb4 Kg7 46. b5 Kh6 47. b6 Kg5 48. b7 Kh6 49. b8Q Kg5 50. Qf4+ Kh4 51. Kf2 1-0

[Event "Wch U12"]
[Site "Maribor"]
[Date "2012.11.16"]
[Round "9.13"]
[White "Pernas, Agustin Baltazar"]
[Black "Rathanvel, VS."]
[Result "1-0"]
[WhiteElo "1796"]
[BlackElo "2002"]
[PlyCount "143"]
[EventDate "2012.11.08"]
[EventType "swiss"]
[EventRounds "11"]
[EventCountry "SLO"]
[SourceTitle "EXT 2013"]
[Source "ChessBase"]
[SourceDate "2012.11.22"]
[SourceVersion "1"]
[SourceVersionDate "2012.11.22"]
[SourceQuality "1"]

1. e4 c5 2. Nf3 d6 3. d4 cxd4 4. Nxd4 Nf6 5. Nc3 g6 6. Be2 Bg7 7. 0-0 0-0 8. Nb3 Nc6 9. Bg5 Bd7 10. Kh1 Rc8 11. f4 a6 12. Bf3 Be6 13. Re1 Nd7 14. Rb1 b5 15. Nd5 a5 16. c3 Re8 17. Qe2 a4 18. Nd2 b4 19. Nc4 f6 20. Bh4 bxc3 21. bxc3 Nc5 22. Bf2 Na5 23. Ncb6 Rb8 24. Bxc5 dxc5 25. Nxa4 c4 26. Nab6 Bxd5 27. Nxd5 Qd6 28. g3 Rxb1 29. Rxb1 Rc8 30. Rb6 Qd8 31. Re6 Bf8 32. e5 f5 33. Rb6 Rc5 34. Qd2 Kg7 35. Qd4 Rc8 36. e6+ Kg8 37. Ra6 Nb7 38. Nf6+ exf6 39. Bxb7 Qxd4 40. cxd4 Rc7 41. Bd5 Be7 42. Rc6 Rxc6 43. Bxc6 c3 44. Ba4 Bb4 45. Kg2 Kf8 46. Kf3 Ke7 47. d5 Kd6 48. Bb3 g5 49. h4 g4+ 50. Ke3 Bc5+ 51. Ke2 h6 52. h5 Bb4 53. a4 Ba5 54. Kd1 Bb6 55. Ke2 Ba5 56. Kd3 c2 57. Bxc2 Be1 58. Kc4 Bxg3 59. Bxf5 Bxf4 60. Bxg4 Bd2 61. Kb5 Bg5 62. a5 Bd2 63. Kb6 Be3+ 64. Kb7 Bc5 65. Bf3 f5 66. a6 f4 67. a7 Bxa7 68. Kxa7 Ke7 69. Kb7 Kf6 70. Kc7 Kg7 71. e7 Kh7 72. e8Q 1-0

[Event "Wch U12"]
[Site "Maribor"]
[Date "2012.11.15"]
[Round "8.20"]
[White "Pernas, Agustin Baltazar"]
[Black "Ioannidis, Evgenios"]
[Result "1-0"]
[WhiteElo "1796"]
[BlackElo "2002"]
[PlyCount "125"]
[EventDate "2012.11.08"]
[EventType "swiss"]
[EventRounds "11"]
[EventCountry "SLO"]
[SourceTitle "EXT 2013"]
[Source "ChessBase"]
[SourceDate "2012.11.22"]
[SourceVersion "1"]
[SourceVersionDate "2012.11.22"]
[SourceQuality "1"]

1. e4 d5 2. exd5 Qxd5 3. Nc3 Qa5 4. d4 Nf6 5. Bc4 Bg4 6. f3 Bf5 7. Nge2 e6 8. 0-0 Be7 9. Ng3 Bg6 10. f4 0-0 11. Kh1 Rd8 12. Qe2 Bf8 13. Be3 Nc6 14. Rad1 Ne7 15. Rd2 c6 16. f5 Nxf5 17. Nxf5 exf5 18. Bg5 Re8 19. Qf3 Ne4 20. Nxe4 Rxe4 21. c3 Rae8 22. h4 h5 23. b4 Qc7 24. Rdf2 Rg4 25. Bd3 f6 26. Bf4 Rxh4+ 27. Kg1 Bd6 28. Qg3 Rg4 29. Bxd6 Rxg3 30. Bc4+ Kh7 31. Bxc7 Rxc3 32. Bb3 Re7 33. Bf4 Rd3 34. Rd2 Rxd2 35. Bxd2 Re4 36. Rf4 Re2 37. Rf2 Re4 38. d5 cxd5 39. Bxd5 Re7 40. Kf1 Rd7 41. Be6 Rd6 42. Bc8 b6 43. Ke1 Rd5 44. Be6 Rd3 45. a4 Ra3 46. a5 bxa5 47. bxa5 Rg3 48. Bxf5 Bxf5 49. Rxf5 Rxg2 50. Rxh5+ Kg6 51. Rb5 Rg1+ 52. Kf2 Rh1 53. Rb7 Rh2+ 54. Ke1 Rh1+ 55. Ke2 Rh2+ 56. Kd1 a6 57. Ra7 f5 58. Rxa6+ Kh5 59. Ra7 Kg6 60. a6 Rh1+ 61. Kc2 Rh2 62. Rb7 f4 63. a7 1-0

[Event "Wch U12"]
[Site "Maribor"]
[Date "2012.11.12"]
[Round "5.35"]
[White "Lazov, Toni"]
[Black "Pernas, Agustin Baltazar"]
[Result "1/2-1/2"]
[WhiteElo "1886"]
[BlackElo "1796"]
[PlyCount "100"]
[EventDate "2012.11.08"]
[EventType "swiss"]
[EventRounds "11"]
[EventCountry "SLO"]
[SourceTitle "EXT 2013"]
[Source "ChessBase"]
[SourceDate "2012.11.22"]
[SourceVersion "1"]
[SourceVersionDate "2012.11.22"]
[SourceQuality "1"]

1. e4 d6 2. d4 Nf6 3. Nc3 e5 4. dxe5 dxe5 5. Qxd8+ Kxd8 6. Bg5 c6 7. 0-0-0+ Ke8 8. h3 Nbd7 9. a3 Bc5 10. Bh4 Bb6 11. Nf3 Bc7 12. Bc4 b5 13. Bb3 Nc5 14. Rhe1 Nxb3+ 15. cxb3 Nd7 16. b4 f6 17. Nd2 a5 18. bxa5 Bxa5 19. Kc2 Bb6 20. Bg3 Nc5 21. f4 exf4 22. Bxf4 Be6 23. Be3 Ke7 24. g4 h5 25. Nd5+ cxd5 26. exd5 Rac8 27. Kb1 hxg4 28. Bxc5+ Bxc5 29. Rxe6+ Kd7 30. hxg4 Rhe8 31. Rde1 Rxe6 32. Rxe6 Re8 33. Rxe8 Kxe8 34. Ne4 Be7 35. Kc2 Kd7 36. Kd3 g6 37. b4 f5 38. gxf5 gxf5 39. Nc3 Kd6 40. Nxb5+ Kxd5 41. Nc3+ Ke5 42. Kc4 f4 43. a4 f3 44. Nd1 Bh4 45. Kc5 f2 46. Nxf2 Bxf2+ 47. Kc6 Kd4 48. b5 Kc4 49. a5 Kb4 50. a6 Ka5 1/2-1/2

[Event "Wch U12"]
[Site "Maribor"]
[Date "2012.11.09"]
[Round "2.29"]
[White "Pernas, Agustin Baltazar"]
[Black "Koziol, Kamil"]
[Result "0-1"]
[WhiteElo "1796"]
[BlackElo "1961"]
[PlyCount "74"]
[EventDate "2012.11.08"]
[EventType "swiss"]
[EventRounds "11"]
[EventCountry "SLO"]
[SourceTitle "EXT 2013"]
[Source "ChessBase"]
[SourceDate "2012.11.22"]
[SourceVersion "1"]
[SourceVersionDate "2012.11.22"]
[SourceQuality "1"]

1. e4 c5 2. Nf3 Nc6 3. d4 cxd4 4. Nxd4 Nf6 5. Nc3 e6 6. Ndb5 Bb4 7. a3 Bxc3+ 8. Nxc3 d5 9. exd5 exd5 10. Bd3 0-0 11. 0-0 d4 12. Ne2 Bg4 13. Bg5 h6 14. Bh4 Ne5 15. f3 Bh5 16. Be4 Qb6 17. Nf4 Nxe4 18. Nxh5 Nd6 19. Bf2 Nf5 20. Re1 Nc4 21. c3 Rfd8 22. Qd3 Nfe3 23. Bxe3 Nxe3 24. cxd4 Nd5 25. Qd2 Rac8 26. Rac1 Rxc1 27. Rxc1 Ne7 28. Ng3 Rxd4 29. Qf2 Qd8 30. Nf1 Nc6 31. Re1 g6 32. Qe3 Kg7 33. Re2 Rd3 34. Qf2 Nd4 35. Rd2 Qb6 36. Ne3 Rxe3 37. Kh1 Ne6 0-1

[Event "Wch U12"]
[Site "Caldas Novas"]
[Date "2011.11.18"]
[Round "1"]
[White "Pernas, Agustin Baltazar"]
[Black "Gledura, Benjamin"]
[Result "0-1"]
[WhiteElo "1703"]
[BlackElo "2230"]
[PlyCount "126"]
[EventDate "2011.11.18"]
[EventType "swiss"]
[EventRounds "9"]
[EventCountry "BRA"]
[SourceTitle "EXT 2013"]
[Source "ChessBase"]
[SourceDate "2012.11.22"]
[SourceVersion "1"]
[SourceVersionDate "2012.11.22"]
[SourceQuality "1"]

1. e4 c5 2. Nf3 Nc6 3. d4 cxd4 4. Nxd4 g6 5. Nb3 Bg7 6. Be2 Nf6 7. Nc3 d6 8. Bg5 0-0 9. 0-0 a6 10. f4 a5 11. a4 Be6 12. Kh1 Bxb3 13. cxb3 Nd7 14. Rc1 Nc5 15. Bf3 Ne6 16. Bh4 Nxf4 17. Bg4 Ne6 18. Nd5 Nc5 19. Qe2 Re8 20. Bf2 e6 21. Nc3 Nxb3 22. Rcd1 Qe7 23. Nb5 Be5 24. Qf3 Nc5 25. Bg3 Bxg3 26. Qxg3 Nxe4 27. Qf4 d5 28. Bf3 e5 29. Qe3 Rad8 30. Bxe4 dxe4 31. Qxe4 Kg7 32. h3 f5 33. Qe2 Qb4 34. Nc7 Nd4 35. Nxe8+ Rxe8 36. Qf2 Qxa4 37. Rfe1 Re7 38. Kg1 b5 39. Qd2 b4 40. Qd3 Re6 41. Rc1 Rc6 42. Qe3 Qb5 43. Red1 Rxc1 44. Qxc1 a4 45. h4 f4 46. Qa1 Qc6 47. Qc1 Qc2 48. Qxc2 Nxc2 49. Rc1 b3 50. Rd1 Kf6 51. Rd3 Ke7 52. Rd5 a3 53. bxa3 Nxa3 54. Rxe5+ Kd6 55. Re2 Nc4 56. Re1 b2 57. Rb1 Kd5 58. Kh2 Kd4 59. Kh3 h5 60. g3 f3 61. g4 f2 62. Kg2 f1Q+ 63. Kxf1 Ne3+ 0-1